Condados de Inglaterra - Estadísticas

Estadísticas generales
  • Esta prueba ha sido intentada 340 veces
  • La puntuación promedio es 16 de 48
Respuestas en el mapa
Las respuestas están codificadas por una escala verde-roja en el mapa de la prueba según el % correcto abajo.
 
Estadísticas de respuestas
Condado % Correcto
Ciudad de Londres
89%
Gran Londres
88%
Gran Mánchester
79%
Yorkshire del Norte
74%
Oxfordshire
60%
Cambridgeshire
57%
Essex
51%
Cornualles
47%
Devon
43%
Kent
42%
Leicestershire
41%
Lancashire
39%
Nottinghamshire
39%
Yorkshire del Sur
39%
Ciudad de Bristol
38%
Norfolk
37%
Lincolnshire
35%
Yorkshire del Este
35%
Isla de Wight
34%
Yorkshire del Oeste
34%
Hampshire
32%
Northumberland
32%
Suffolk
32%
Cumbria
29%
Derbyshire
29%
Sussex del Este
29%
Sussex del Oeste
29%
Buckinghamshire
27%
Cheshire
25%
Bedfordshire
23%
Merseyside
23%
Herefordshire
22%
Surrey
22%
Dorset
21%
Durham
21%
Warwickshire
21%
Worcestershire
21%
Berkshire
20%
Northamptonshire
20%
Somerset
20%
Tyne y Wear
20%
Rutland
19%
Gloucestershire
18%
Hertfordshire
18%
Tierras Medias Occidentales
16%
Wiltshire
14%
Staffordshire
13%
Shropshire
12%
No se encontraron pruebas coincidentes
Distribución de puntuación
Porcentaje de gente con cada puntuación
Porcentaje por número respondido
Historial de tus puntuaciones
No has intentado esta prueba.